Mecanización del proceso deshuese para el Matadero Industrial Nuevo Carnic S.A

Propone la mecanización del proceso de deshuese para el matadero industrial Nuevo CARNIC S.A., determina los costos resultados del mecanización del proceso de deshuese, análisis del actual sistema de trabajo del proceso de deshuese

Bibliographic Details
Main Author: Acevedo Bravo, Joel Javier
Other Authors: Tutor: Marín Velásquez, Alberto
Format: Tesis Section = Libro
Language:Undetermined
Spanish
Published: Managua UNI 1998
Subjects:
LEADER 00958nam a2200229Ia 4500
008 240830s9999 xx 000 0 und d
040 |a BIBLIOTECA-RUPAP Mon 664.9029 A173 
041 |a spa 
082 |a Mon 664.9029 A173 
100 1 |a Acevedo Bravo, Joel Javier 
245 1 0 |a Mecanización del proceso deshuese para el Matadero Industrial Nuevo Carnic S.A 
260 |a Managua  |b UNI  |c 1998 
300 |a 189 p. :il. 
500 |a Contiene: tablas, fotos y gráficos. 
502 |a Tesis (Ingeniero Industrial)- UNI, 1998. 
520 3 |a Propone la mecanización del proceso de deshuese para el matadero industrial Nuevo CARNIC S.A., determina los costos resultados del mecanización del proceso de deshuese, análisis del actual sistema de trabajo del proceso de deshuese 
650 7 |a MATADERO-CARNE 
650 7 |b INDUSTRIA-COMERCIO (NUEVO CARNIC S.A) 
700 1 |a Tutor:  |b Marín Velásquez, Alberto 
942 |c BK  |2 ddc 
991 |a TESIS 
999 |c 17745